Viviendo a toda: jóvenes, territorios culturales y nuevas sensibilidades. IV parte: Educación y culturas mass mediáticas /
Збережено в:
| Автор: | |
|---|---|
| Інші автори: | , |
| Формат: | Невідомо |
| Опубліковано: |
Santa Fé de Bogotá:
Siglo del Hombre Editores. Universidad Central. Departamento de Investigaciones
|
| Предмети: | |
| Теги: |
Додати тег
Немає тегів, Будьте першим, хто поставить тег для цього запису!
|
MARC
| LEADER | 00000 a2200000 04500 | ||
|---|---|---|---|
| 001 | 12083 | ||
| 003 | |||
| 008 | 991231s d | ||
| 040 | |||
| 090 | |a 141814 | ||
| 100 | |a Cubides C, Humberto J | ||
| 245 | |a Viviendo a toda: jóvenes, territorios culturales y nuevas sensibilidades. IV parte: Educación y culturas mass mediáticas / |c Humberto J. Cubides C. | ||
| 260 | |a Santa Fé de Bogotá: |b Siglo del Hombre Editores. Universidad Central. Departamento de Investigaciones | ||
| 300 | |a xiii, 326 p. | ||
| 650 | |a JUVENTUD | ||
| 650 | |a EDUCACION | ||
| 650 | |a ESCUELAS | ||
| 650 | |a MODERNIZACION | ||
| 650 | |a CULTURA | ||
| 700 | |a | ||
| 700 | |a Laverde Toscano, María Cristina | ||
| 700 | |a | ||
| 700 | |a Valderrama H, Carlos Eduardo | ||
| 999 | |c 16846 |d 16846 | ||
